| 000 | 01142cam a2200133 4500500 | ||
|---|---|---|---|
| 005 | 20260405021055.0 | ||
| 041 | _afre | ||
| 042 | _adc | ||
| 100 | 1 | 0 |
_aBesson, Jean-Luc _eauthor |
| 245 | 0 | 0 | _aLes cartes du crime |
| 260 |
_bPresses Universitaires de France,
_c2005. |
||
| 520 | _aNée en France dans les années 1830, la cartographie criminelle estsingulièrement absente du débat actuel sur le crime. Et pourtant l’utilisation de l’information géographique est devenu un facteur clef dans la stratégie globale de lutte contre le crime. Son utilisation a été développée à New York et a contribué à faire baisser le taux de criminalité. Cet ouvrage se veut une étude sur les méthodes de la cartographie criminelle. Fixant dans l’espace et dans le temps les actes criminels recensés, comparant les données issues d’autres institutions, intégrant les évolutions et mutations des modes opératoires, la cartographie devient un outil essentiel de la police actuelle et du contrôle de ses activités. | ||
| 856 | 4 | 1 | _uhttps://shs.cairn.info/les-cartes-du-crime--9782130547983?lang=fr&redirect-ssocas=7080 |
| 999 |
_c2127590 _d2127590 |
||